| 000 | 01143nam a22002777a 4500 | ||
|---|---|---|---|
| 999 |
_c118369 _d118369 |
||
| 003 | dpl | ||
| 005 | 20190606123749.0 | ||
| 008 | 190606b ||||| |||| 00| 0 eng d | ||
| 010 | _aA-968181 | ||
| 020 |
_c150.00 _a8170282845 |
||
| 035 | _aA-968181, A-968185 | ||
| 037 | _bCen Lib/Ret | ||
| 040 |
_aDPL _bHN _c0 |
||
| 082 |
_a822 _bकमले |
||
| 100 |
_aकमलेश्वर _979761 |
||
| 245 |
_aहिन्दोस्तां हमारा / _cकमलेश्वर |
||
| 246 |
_aHindostan hamara / _bby Kamleshwar |
||
| 260 |
_aदिल्ली _bराजपाल एंड सन्ज़ _c2000 |
||
| 270 |
_bदिल्ली _aकश्मीरी गेट _e110006 |
||
| 300 |
_a175पृ. _c20सेमी(सजिल्द) |
||
| 650 |
_a भारत - राजनीति और सरकार - 1919-1947 _979762 |
||
| 650 |
_a राष्ट्रवाद - भारत - इतिहास _945054 |
||
| 650 |
_aIndia -- Politics and government -- 1919-1947 _979763 |
||
| 650 |
_aNationalism -- India -- History _912716 |
||
| 942 |
_2ddc _cHN _h822 _mकमले |
||